000 00270nam a2200085Ia 4500
245 0 _aSoccer chic : soccer life the South African way
100 _a FRASER, Craig Cape Town, South Africa, [c.2010]
_985927
942 _cBK
008 210817s9999 xx 000 0 und d
999 _c323950
_d323949